Top 12 richest Countries - Statistics

General Stats
  • This quiz has been taken 26 times
  • The average score is 9 of 12
Answer Stats
Rank Country % Correct
11 USA
96%
3 Singapore
88%
2 Luxembourg
84%
7 Kuwait
80%
6 Norway
80%
1 Qatar
80%
12 Saudi Arabia
80%
9 Switzerland
80%
8 UAE
80%
5 Ireland
56%
4 Brunei
52%
10 San Marino
44%
No matching quizzes found
Score Distribution
Percent of People with Each Score
Percentile by Number Answered
Your Score History
You have not taken this quiz